000 00407nam a2200169Ia 4500
008 210210b1935 xxu||||| |||| 00| 0 eng d
041 _aeng
082 _a829/538
100 _aHAVELL (H L)
245 _aStories from Aeneid
260 _aLondon
_bGeorge G Harrap and Company Limited
_c1935
650 _aStories
650 _afrom
650 _aAeneid
690 _aEnglish Fiction
906 _a017138
999 _c137096
_d137096